{"text_format":"3","workbook":"xlsx","n_sheets":1,"sheets":["Sheet1"],"read":"whole","date_system":"1900"}

{"sheet":"Sheet1","index":0,"n_rows":28,"n_cols":16,"rows_kept":28,"merged":[[0,0,2,15],[3,0,4,0],[3,1,4,1],[3,2,4,2],[3,3,4,3],[3,4,4,4],[3,5,4,5],[3,6,4,6],[3,7,4,7],[3,8,4,8],[3,9,3,10],[3,11,3,13],[3,14,4,14],[3,15,4,15],[9,0,10,0],[9,1,10,1],[9,2,10,2],[9,9,10,9],[9,10,10,10],[17,9,19,9],[17,10,19,10],[20,10,22,10],[25,0,25,1],[26,0,26,1],[27,0,27,1]]}
["固定资产—办公设备明细表"]
[]
[]
["序号","设备编号","设备名称","规格/型号","生产厂家","计量单位","数量","存放位置","启用日期","账面价值",null,"评估价值",null,null,"增值率%","备注"]
[{"$nulls":9},"原值","净值","原值","成新率%","净值"]
[1,"15010101005613","台式电脑","联想显示器 L24e-20 启天M415、键盘、鼠标","联想","套",2,"遵义昆仑燃气公司","2019-09-20",{"v":10176.99,"d":"10,176.99"},508.85,{"v":8493.80530973451,"d":"8494"},{"v":0.325,"d":"33%"},{"v":2760.48672566372,"d":"2760"},null,"葛永妮、雷帮菊各用一台"]
[2,"15010103000677","台式电脑","联想显示器M18215FS0 启天M428、键盘、鼠标","联想","套",1,"遵义昆仑燃气公司","2020-12-16",{"v":5398.23,"d":"5,398.23"},269.91,{"v":4777.87610619469,"d":"4778"},{"v":0.447,"d":"45%"},{"v":2135.71061946903,"d":"2136"},null,"龚和亮"]
[3,"15010401010499","空调","KFR-72LW(72591)NHAn-3","格力","台",1,"遵义昆仑燃气公司","2017-10-20",{"v":9578.38,"d":"9,578.38"},287.35,{"v":7078.7610619469,"d":"7079"},{"v":0.15,"d":"15%"},{"v":1061.81415929204,"d":"1062"},null,"会议室"]
[4,"11079901000021","GPS终端器",null,null,"台",2,"遵义昆仑燃气公司","2017-12-20",{"v":5102.56,"d":"5,102.56"},{"v":1699.87,"d":"1,699.87"},{"v":4515.53982300885,"d":"4516"},{"v":0.218,"d":"22%"},{"v":984.387681415929,"d":"984"},null,"贵CED773、贵CDD773使用"]
[5,"15010102021521","台式电脑","PHILIPS显示器226V6Q 组装主机、键盘、鼠标",null,"台",1,"遵义昆仑燃气公司","2017-10-31",{"v":14997,"d":"14,997.00"},749.85,{"v":4130.97345132743,"d":"4131"},{"v":0.15,"d":"15%"},{"v":619.646017699115,"d":"620"}]
[{"$nulls":3},"三星显示器LS24D360 组装主机、键盘、鼠标",null,"台",1,"遵义昆仑燃气公司","2017-10-31",null,null,{"v":4130.97345132743,"d":"4131"},{"v":0.15,"d":"15%"},{"v":619.646017699115,"d":"620"}]
[7,"15060199000080","摄像机","SONY HDR-CX270E","SONY","台",1,"遵义昆仑燃气公司","2013-05-09",{"v":5500,"d":"5,500.00"},456.47,{"v":2201.76991150443,"d":"2202"},{"v":0.15,"d":"15%"},{"v":330.265486725664,"d":"330"}]
[8,"15060101001497","防爆相机","ZHS2400","拜尔特","台",1,"遵义昆仑燃气公司","2018-09-25",{"v":15948.28,"d":"15,948.28"},{"v":8057.25,"d":"8,057.25"},{"v":14247.7876106195,"d":"14248"},{"v":0.2455,"d":"25%"},{"v":3497.83185840708,"d":"3498"}]
[9,"15010301000601","普通复印机","MP C2011SP","RICOH","台",1,"遵义昆仑燃气公司","2019-12-19",{"v":19700,"d":"19,700.00"},{"v":985,"d":"985.00"},{"v":15221.2389380531,"d":"15221"},{"v":0.367,"d":"37%"},{"v":5586.19469026549,"d":"5586"}]
[10,"15010606000699","会议系统（会议一体机）","显示器 SKYWORTH,音响等",null,"套",1,"遵义昆仑燃气公司","2020-12-15",{"v":136235.47,"d":"136,235.47"},{"v":51755.04,"d":"51,755.04"},97486,{"v":0.5065,"d":"51%"},{"v":49376.659,"d":"49377"}]
[11,"15010104004268","笔记本电脑","联想邵阳K3-1ML",null,"台",2,"遵义昆仑燃气公司","2020-12-16",{"v":11858.41,"d":"11,858.41"},592.92,{"v":9555.75221238938,"d":"9556"},{"v":0.507,"d":"51%"},{"v":4844.76637168142,"d":"4845"}]
[12,"15010102021522","台式电脑","DELL显示器E2417H 启天M415、键盘、鼠标",null,"台",1,"遵义昆仑燃气公司","2018-10-25",{"v":5086.21,"d":"5,086.21"},254.31,{"v":4246.90265486726,"d":"4247"},{"v":0.2295,"d":"23%"},{"v":974.664159292036,"d":"975"},null,"副总经理车雷使用"]
[13,"15010103000676","台式电脑","联想显示器L24e-20 启天M428、键盘、鼠标","联想","台",1,"遵义昆仑燃气公司","2020-12-16",{"v":5398.23,"d":"5,398.23"},269.91,{"v":4777.87610619469,"d":"4778"},{"v":0.457,"d":"46%"},{"v":2183.48938053097,"d":"2183"},null,"副总经理滕海使用"]
[14,"15010103000678","台式电脑","联想显示器L24e-20 启天M428、键盘、鼠标","联想","台",1,"遵义昆仑燃气公司","2020-12-16",null,null,{"v":4777.87610619469,"d":"4778"},{"v":0.457,"d":"46%"},{"v":2183.48938053097,"d":"2183"},null,"副总经理陈鹏使用"]
[15,"15010103000679","台式电脑","三星显示器S22B150N 启天M428、键盘、鼠标",null,"台",1,"遵义昆仑燃气公司","2020-12-16",null,null,{"v":4777.87610619469,"d":"4778"},{"v":0.457,"d":"46%"},{"v":2183.48938053097,"d":"2183"}]
[16,"15010102021523","台式电脑","联想显示器M18215FS0 启天M415、键盘、鼠标","联想","台",1,"遵义昆仑燃气公司","2018-10-25",{"v":5086.21,"d":"5,086.21"},254.31,{"v":4246.90265486726,"d":"4247"},{"v":0.1995,"d":"20%"},{"v":847.257079646018,"d":"847"}]
[17,"15010102021524","台式电脑","联想显示器M18215FS0 启天M415、键盘、鼠标","联想","台",1,"遵义昆仑燃气公司","2018-10-25",{"v":5086.2,"d":"5,086.20"},null,{"v":4246.90265486726,"d":"4247"},{"v":0.1995,"d":"20%"},{"v":847.257079646018,"d":"847"}]
[18,"15010102021525","台式电脑","联想显示器M18215FS0 启天M415、键盘、鼠标","联想","台",1,"遵义昆仑燃气公司","2018-10-25",{"v":5086.21,"d":"5,086.21"},null,{"v":4246.90265486726,"d":"4247"},{"v":0.1995,"d":"20%"},{"v":847.257079646018,"d":"847"},null,"吴昊"]
[]
[]
["合     计",{"$nulls":13},""]
["减：办公设备减值准备",{"$nulls":13},""]
["合            计",{"$nulls":9},66141.04,null,null,{"$f":"SUM(N6:N27)","v":{"v":81884.3121681416,"d":"81884"}},""]